01015nab a22002537a 4500999001500000003000400015005001700019008004100036040000700077100003700084245008600121260004200207300001300249500003700262505011400299505008900413650002600502650003000528650001800558650003300576650001900609773012000628942001300748 c6468d6468OSt20260209104402.0190506c xxu||||| |||| 00| 0 spa d cPJ 96774aHenriques, María Roxana 10aDespido discriminatorio :bbases y Puntos de Partida /cMaría Roxana Henriques. aBuenos Aires :bAbeledoPerrot,c2025. ap. 16-21 aCita: TR LALEY AR/DOC/150/2025.  aSumario: I. Introducción.— II. El art. 245 bis de la LCT.— III. Conclusión.— IV. Reflexión final. t¿Te interesa el texto completo? Comunicate al correo: koha@justierradelfuego.gov.ar 091316aDERECHO LABORAL 091323aCONTRATO DE TRABAJO 091533aDESPIDO 091577aDISCRIMINACION LABORAL 094707aBUENA FE0 0275193202dBuenos Aires : AbeledoPerrot, 2013-tRevista de derecho laboral y seguridad social. Nº 5 - Marzo 2025 2udccANA